[Event "Titled Tue 26th Aug Early"]
[Site "chess.com INT"]
[Date "2025.08.26"]
[Round "1"]
[White "Jin, Ashton"]
[Black "Lindholm, Jere"]
[Result "0-1"]
[WhiteElo "2196"]
[BlackElo "2140"]
[WhiteFideId "30931908"]
[BlackFideId "508012"]
[EventDate "2025.08.26"]

1. d4 Nf6 2. Bf4 g6 3. e3 Bg7 4. Nf3 d6 5. h3 O-O 6. Be2 c5 7. Nbd2 Nd5 8. Bh2
Qb6 9. Nc4 Qc7 10. O-O cxd4 11. Nxd4 a6 12. a4 Nc6 13. Nxc6 bxc6 14. c3 a5 15.
Qc2 Ba6 16. Rfd1 Rfb8 17. e4 Nb6 18. Ne3 Bxe2 19. Qxe2 Qb7 20. Rd2 Nd7 21. Nc4
Nc5 22. Ra3 Qa6 23. h4 h5 24. Bg3 Rb3 25. Rxb3 Nxb3 26. Rc2 Nc5 27. e5 d5 28.
Ne3 Qxe2 29. Rxe2 Nxa4 30. f4 Rb8 31. Nd1 Nc5 32. Bf2 Ne4 33. Be3 e6 34. Rc2 Bf8
35. c4 Rb3 36. cxd5 cxd5 37. Bd4 Rd3 38. Nf2 Rxd4 39. Nh3 Kg7 40. Kh2 Be7 41.
Rc7 Bxh4 42. Ra7 a4 43. g4 hxg4 44. Ng1 Rd2+ 0-1

[Event "Titled Tue 26th Aug Early"]
[Site "chess.com INT"]
[Date "2025.08.26"]
[Round "1"]
[White "Reprintsev, Alexander"]
[Black "Zepeda Berlanga, Jan Enrique"]
[Result "1-0"]
[WhiteTitle "IM"]
[BlackTitle "CM"]
[WhiteElo "2256"]
[BlackElo "2003"]
[WhiteFideId "14100541"]
[BlackFideId "5132355"]
[EventDate "2025.08.26"]

1. e4 e5 2. f4 exf4 3. Bc4 Nf6 4. Nc3 g5 5. h4 g4 6. d4 d5 7. Bxd5 Nh5 8. Nge2
Bh6 9. g3 Qf6 10. e5 Qd8 11. O-O O-O 12. Bxf4 Bxf4 13. Rxf4 Nxf4 14. Nxf4 Nc6
15. Bxc6 bxc6 16. Ne4 f5 17. Nf6+ Rxf6 18. exf6 Qxf6 19. c3 Rb8 20. b4 Ba6 21.
Qe1 Kf7 22. Qe5 Re8 23. Qxf6+ Kxf6 24. Kf2 Re7 25. Rd1 Bc4 26. a4 a5 27. bxa5
Re8 28. Rb1 Ra8 29. Rb4 Be6 30. Nxe6 Kxe6 31. Rc4 Rxa5 32. Rxc6+ Kd5 33. Rxc7
Rxa4 34. Ke3 Ra1 35. Rc5+ Ke6 36. Kf4 Rf1+ 37. Kg5 Rf3 38. c4 Rxg3 39. Rxf5 Rg1
40. Rf6+ Kd7 41. Rf7+ Kd6 42. Rg7 g3 43. Kh6 1-0

[Event "Titled Tue 26th Aug Early"]
[Site "chess.com INT"]
[Date "2025.08.26"]
[Round "1"]
[White "Ejsymont, Blanka"]
[Black "Terkiewicz, Bruno"]
[Result "0-1"]
[WhiteTitle "WCM"]
[BlackTitle "CM"]
[WhiteElo "2071"]
[BlackElo "2128"]
[WhiteFideId "21088268"]
[BlackFideId "21093245"]
[EventDate "2025.08.26"]

1. Nf3 Nf6 2. g3 b6 3. Bg2 Bb7 4. O-O e6 5. d4 c5 6. c3 Nc6 7. Re1 Be7 8. e4 d5
9. e5 Nd7 10. Nbd2 a5 11. a3 b5 12. Nf1 Qb6 13. Be3 b4 14. axb4 cxb4 15. Qc2 b3
16. Qd2 a4 17. Rec1 Qb5 18. h4 Nb6 19. N1h2 Nc4 20. Qe2 a3 21. Rcb1 a2 22. Rd1
Ba6 23. Bf1 Qb8 24. Ne1 N4xe5 25. Qh5 Bxf1 26. Kxf1 Nc4 27. Nd3 O-O 28. Kg2 g6
29. Qf3 f5 30. Bf4 Bd6 31. Re1 Re8 32. h5 Kf7 33. Re2 Ra7 34. hxg6+ hxg6 35. g4
Bxf4 36. Qxf4 Qxf4 37. Nxf4 g5 38. Nd3 Rae7 39. f3 e5 40. dxe5 N6xe5 41. Rd2
Nxd3 42. Rxd3 Re2+ 43. Kg1 Re1+ 44. Rxe1 Rxe1+ 45. Kg2 a1=Q 46. Rxd5 Rg1+ 47.
Kh3 f4 48. Rf5+ Kg6 49. Re5 Rg3# 0-1

[Event "Titled Tue 26th Aug Early"]
[Site "chess.com INT"]
[Date "2025.08.26"]
[Round "1"]
[White "Aalto, Patrik"]
[Black "Khadour, Ismael"]
[Result "1/2-1/2"]
[WhiteTitle "FM"]
[BlackTitle "FM"]
[WhiteElo "2335"]
[BlackElo "1992"]
[WhiteFideId "510726"]
[BlackFideId "7601930"]
[EventDate "2025.08.26"]

1. c4 Nf6 2. g3 e6 3. Bg2 d5 4. Nf3 c6 5. b3 Nbd7 6. O-O Be7 7. Bb2 b6 8. d4 Bb7
9. Nc3 O-O 10. Rc1 Rc8 11. e3 h6 12. Re1 Ne4 13. Nxe4 dxe4 14. Nd2 f5 15. f3
exf3 16. Nxf3 Bb4 17. Rf1 Qe7 18. Qe2 Rce8 19. e4 c5 20. exf5 exf5 21. Qxe7 Rxe7
22. d5 b5 23. Nh4 Re2 24. Rf2 Rxf2 25. Kxf2 bxc4 26. bxc4 f4 27. Ng6 fxg3+ 28.
Kxg3 Re8 29. Rf1 Ba5 30. Bh3 Bc7+ 31. Kg2 Nb6 32. Kg1 Nxc4 33. Be6+ Kh7 34. Nf8+
Kh8 35. Bc1 Bd6 36. Ng6+ Kh7 37. Bf7 Re2 38. Nh4 Bxh2+ 39. Kh1 Bg3 40. Bg6+ Kg8
41. Bf7+ Kh8 42. Ng6+ Kh7 43. Nf8+ Kh8 44. Ng6+ Kh7 45. Nf8+ Kh8 46. Ng6+ 1/2-1/2

[Event "Titled Tue 26th Aug Early"]
[Site "chess.com INT"]
[Date "2025.08.26"]
[Round "1"]
[White "Levi, Eddy L"]
[Black "Rosen, Eric"]
[Result "1/2-1/2"]
[WhiteTitle "FM"]
[BlackTitle "IM"]
[WhiteElo "2147"]
[BlackElo "2377"]
[WhiteFideId "3200183"]
[BlackFideId "2032562"]
[EventDate "2025.08.26"]

1. e4 c5 2. Nc3 Nc6 3. f4 e6 4. Bb5 Nge7 5. Nf3 d5 6. O-O a6 7. Bxc6+ Nxc6 8. d3
Be7 9. Qe1 O-O 10. Qg3 b5 11. f5 b4 12. Bh6 Bf6 13. e5 Nxe5 14. Nxe5 Kh8 15.
Bxg7+ Bxg7 16. Ne2 exf5 17. Rae1 Be6 18. Nf4 Ra7 19. Qh3 Qg5 20. Re3 Qh6 21. Qg3
Rg8 22. Qf3 d4 23. Re2 Re7 24. Rfe1 Bf6 25. h3 Ree8 26. Nxe6 Bxe5 27. Rxe5 fxe6
28. Qc6 Qg7 29. Rxe6 Rxe6 30. Rxe6 f4 31. Qe4 Qg5 32. Re7 Qg6 33. Qe5+ Rg7 34.
Re8+ Qxe8 35. Qxe8+ Rg8 36. Qe5+ Rg7 37. Qxf4 a5 38. Kf2 a4 39. Kf3 h5 40. Qd6
b3 41. axb3 a3 42. bxa3 c4 43. bxc4 h4 44. c5 Rg6 45. Qxg6 1/2-1/2

[Event "Titled Tue 26th Aug Early"]
[Site "chess.com INT"]
[Date "2025.08.26"]
[Round "1"]
[White "Jimenez Salas, Maria Teresa"]
[Black "Ibrahimli, Murad"]
[Result "0-1"]
[WhiteTitle "WIM"]
[BlackTitle "IM"]
[WhiteElo "2249"]
[BlackElo "2445"]
[WhiteFideId "3843866"]
[BlackFideId "13410229"]
[EventDate "2025.08.26"]

1. e4 c5 2. Nf3 d6 3. d4 cxd4 4. Nxd4 Nf6 5. f3 Nc6 6. c4 e6 7. Nc3 Be7 8. Be3
O-O 9. Qd2 d5 10. exd5 exd5 11. Nxc6 bxc6 12. cxd5 Nxd5 13. Nxd5 cxd5 14. Be2
Bf6 15. Rd1 Re8 16. Kf2 Qe7 17. Rhe1 Be6 18. Bd3 g6 19. b3 Rac8 20. Rc1 Be5 21.
Bf4 Qh4+ 22. Bg3 Bxg3+ 23. hxg3 Qd4+ 24. Qe3 Qb2+ 25. Kg1 Rxc1 26. Qxc1 Qxa2 27.
Qc3 Rc8 28. Qb4 a5 29. Qb7 Rf8 30. Qb5 Qd2 31. Ra1 Qe3+ 32. Kh1 d4 33. Rxa5 Qe1+
34. Kh2 Bxb3 35. Ra3 Be6 36. Qe5 Qxe5 37. f4 Qf6 38. Be4 Bf5 39. Bf3 h5 40. Ra1
d3 41. Rd1 Qd4 42. Kh1 h4 43. Kh2 Qe3 44. g4 Qxf4+ 45. Kh3 Qg3# 0-1

[Event "Titled Tue 26th Aug Early"]
[Site "chess.com INT"]
[Date "2025.08.26"]
[Round "1"]
[White "Kourkoulos-Arditis, Stamatis"]
[Black "Dishman, Stephen"]
[Result "1-0"]
[WhiteTitle "GM"]
[BlackTitle "FM"]
[WhiteElo "2581"]
[BlackElo "2254"]
[WhiteFideId "4221990"]
[BlackFideId "403024"]
[EventDate "2025.08.26"]

1. d4 d5 2. Bf4 Nf6 3. e3 e6 4. Nf3 c5 5. Nbd2 Nc6 6. c3 Nh5 7. Bg5 f6 8. Bh4 g6
9. Be2 cxd4 10. cxd4 Be7 11. O-O O-O 12. Rc1 Bd7 13. Nb3 Qb6 14. Nc5 Bxc5 15.
dxc5 Qc7 16. Nd4 Nxd4 17. Qxd4 Qe5 18. Qxe5 fxe5 19. Be7 Rfc8 20. g4 Ng7 21. Bd6
e4 22. b4 a6 23. f3 exf3 24. Bxf3 Bb5 25. Rfd1 Bc6 26. Kg2 Ne8 27. Be5 Nc7 28.
h4 Nb5 29. h5 g5 30. Rd3 h6 31. a4 Na7 32. Ra1 Rf8 33. Rd4 Rae8 34. Be2 Rf7 35.
Ra2 Ref8 36. Bd3 Re8 37. Kg3 Ref8 38. Bd6 Rf3+ 39. Kg2 R8f7 40. b5 axb5 41. axb5
Nxb5 42. Ra8+ Kg7 43. Be5+ R3f6 44. Rb4 1-0

[Event "Titled Tue 26th Aug Early"]
[Site "chess.com INT"]
[Date "2025.08.26"]
[Round "1"]
[White "Brzezina, Pawel"]
[Black "Gilfanov, Marat I"]
[Result "0-1"]
[WhiteTitle "CM"]
[BlackTitle "FM"]
[WhiteElo "2128"]
[BlackElo "2304"]
[WhiteFideId "21078866"]
[BlackFideId "34372164"]
[EventDate "2025.08.26"]

1. d4 d5 2. c4 e6 3. Nf3 Nf6 4. Nc3 a6 5. cxd5 exd5 6. Bg5 Be6 7. e3 Nbd7 8. Bd3
c6 9. Qc2 Bd6 10. Bh4 Qc7 11. Rc1 O-O 12. Ng5 g6 13. Nxe6 fxe6 14. Bg3 e5 15.
O-O exd4 16. exd4 Bxg3 17. hxg3 Rae8 18. Rce1 Qb6 19. Ne2 Ne4 20. Nc3 Ndf6 21.
Nxe4 dxe4 22. Bxe4 Qxd4 23. Bf3 Kg7 24. Rd1 Qb6 25. Rd2 Re7 26. Qc3 Rfe8 27. Rd6
Re6 28. Rfd1 Qb5 29. Rd7+ R8e7 30. Rxe7+ Rxe7 31. Rd6 Qe5 32. Qxe5 Rxe5 33. Rd3
Re7 34. a3 Nd7 35. Rb3 Ne5 36. Be4 Ng4 37. f3 Nf6 38. Kf2 Kf7 39. Rb6 Ke6 40.
Ke3 Kd6 41. Rb3 Kc7 42. Kf4 Nh5+ 43. Kg4 Re5 44. Bc2 Re2 45. Rc3 Rxg2 46. Kh4
Rxg3 47. Rd3 Rg1 48. Re3 Nf4 49. Re7+ Kd6 50. Rxb7 h6 51. Ra7 g5# 0-1

[Event "Titled Tue 26th Aug Early"]
[Site "chess.com INT"]
[Date "2025.08.26"]
[Round "1"]
[White "Pham, Le Thao Nguyen"]
[Black "Fernandes, Rogerio Paulo Muller"]
[Result "1-0"]
[WhiteTitle "IM"]
[WhiteElo "2348"]
[BlackElo "2241"]
[WhiteFideId "12401226"]
[BlackFideId "2101599"]
[EventDate "2025.08.26"]

1. d4 Nf6 2. Nf3 c5 3. c3 g6 4. Bg5 Bg7 5. Nbd2 O-O 6. e3 b6 7. h3 Bb7 8. Bd3 d5
9. O-O Nbd7 10. a4 Rc8 11. a5 c4 12. Be2 b5 13. a6 Bc6 14. b4 Nb8 15. Ra3 Bd7
16. Ne5 Nc6 17. Bxf6 Bxf6 18. Nxd7 Qxd7 19. e4 e6 20. Qa1 Nb8 21. Bf3 Rc6 22.
Re1 Rb6 23. Nf1 Qc6 24. exd5 exd5 25. Ne3 Rd8 26. Re2 Rxa6 27. Rxa6 Qxa6 28.
Qxa6 Nxa6 29. Nxd5 Bg7 30. Re7 Nb8 31. Rxa7 Nc6 32. Rc7 Nb8 33. Rb7 Nd7 34. Ne7+
Kf8 35. Nc6 Ra8 36. Rxd7 Ra1+ 37. Kh2 Bh6 38. Bd5 Bf4+ 39. g3 Bd2 40. Rxf7+ Ke8
41. Rxh7 Bxc3 42. Be6 Kf8 43. Rf7+ Kg8 44. Rf3+ Kg7 45. Rxc3 Ra2 46. Kg2 Kf6 47.
d5 g5 48. Rf3+ Kg7 49. g4 Rd2 50. Na7 Rb2 51. Nxb5 Rxb4 52. Nd6 Rb1 53. Rf7+ Kg6
54. Bf5+ Kh6 55. Rh7# 1-0

[Event "Titled Tue 26th Aug Early"]
[Site "chess.com INT"]
[Date "2025.08.26"]
[Round "1"]
[White "Srihari, L"]
[Black "Fedorov, Artem Alek"]
[Result "1-0"]
[WhiteTitle "IM"]
[BlackTitle "CM"]
[WhiteElo "2368"]
[BlackElo "2093"]
[WhiteFideId "46642056"]
[BlackFideId "34418431"]
[EventDate "2025.08.26"]

1. c4 e6 2. Nf3 d5 3. e3 Nf6 4. Nc3 c5 5. cxd5 exd5 6. d4 a6 7. dxc5 Bxc5 8. Be2
O-O 9. O-O Nc6 10. b3 Bg4 11. Bb2 Re8 12. Rc1 Ba7 13. h3 Bh5 14. Na4 Qd6 15. Nh4
Bb8 16. g3 Bg6 17. Nxg6 hxg6 18. Bf3 Rxe3 19. Bxf6 gxf6 20. Qxd5 Qc7 21. Rxc6
bxc6 22. Qxc6 Rxf3 23. Qxf3 Qa7 24. Nb6 Qxb6 25. Qxa8 Kg7 26. Qf3 Be5 27. Rd1
Qa5 28. Qe2 Qc5 29. Qc4 Qb6 30. Rd7 Bxg3 31. Qxf7+ Kh6 32. Qf8+ Kg5 33. Rd5+ Be5
34. Qc5 Qe6 35. Qe3+ Kh5 36. Rd3 g5 37. Qf3+ Kh6 38. Re3 Qd6 39. Kg2 Qd2 40. Re2
Qd4 41. Qe4 Qc3 42. Rc2 Qa5 43. Rc8 Qb5 44. Rh8+ Kg7 45. Qh7# 1-0

[Event "Titled Tue 26th Aug Early"]
[Site "chess.com INT"]
[Date "2025.08.26"]
[Round "1"]
[White "Srihari, L R"]
[Black "Dessyn, Timothee"]
[Result "0-1"]
[WhiteTitle "GM"]
[BlackTitle "FM"]
[WhiteElo "2482"]
[BlackElo "2334"]
[WhiteFideId "46617116"]
[BlackFideId "651028859"]
[EventDate "2025.08.26"]

1. c4 c5 2. Nf3 g6 3. e3 Nf6 4. Nc3 Bg7 5. d4 cxd4 6. exd4 d5 7. Bg5 dxc4 8.
Bxc4 O-O 9. h3 Nc6 10. O-O Na5 11. Bd3 Be6 12. Re1 Rc8 13. Qe2 Re8 14. Bb5 Bd7
15. Rad1 a6 16. Bd3 Be6 17. a3 Bc4 18. Ne5 Bxd3 19. Rxd3 Nc4 20. Red1 Nd5 21.
Qf3 Nxc3 22. Qxf7+ Kh8 23. bxc3 Nxe5 24. dxe5 Qc7 25. f4 Qc5+ 26. Kh1 Qxa3 27.
Rd7 Qxc3 28. Bxe7 Qc4 29. e6 Qc3 30. Bg5 Rf8 31. Qe7 Rce8 32. Qd6 h6 33. e7 Rg8
34. Bh4 Kh7 35. Rd8 b5 36. Qd7 Qc2 37. Kh2 g5 38. fxg5 Be5+ 39. Kh1 hxg5 40.
Bxg5 Rxg5 41. Qd5 Rxg2 0-1

[Event "Titled Tue 26th Aug Early"]
[Site "chess.com INT"]
[Date "2025.08.26"]
[Round "1"]
[White "Berikkyzy Alanna"]
[Black "Tuguldur, Soninbayar"]
[Result "1-0"]
[WhiteTitle "WFM"]
[BlackTitle "CM"]
[WhiteElo "2162"]
[BlackElo "2277"]
[WhiteFideId "13780719"]
[BlackFideId "4921224"]
[EventDate "2025.08.26"]

1. e4 e6 2. d4 d5 3. e5 c5 4. c3 Bd7 5. Nf3 a6 6. Bd3 cxd4 7. cxd4 Bb5 8. Bxb5+
axb5 9. O-O Nc6 10. Bf4 Nge7 11. h4 Ng6 12. Bg3 Be7 13. h5 Nh4 14. Nxh4 Bxh4 15.
Qg4 Bxg3 16. fxg3 O-O 17. Nc3 b4 18. Ne2 h6 19. Rfd1 Qg5 20. Qf3 f6 21. exf6
Rxf6 22. Nf4 Qf5 23. a3 Qc2 24. axb4 Rxa1 25. Rxa1 Nxd4 26. Ra8+ Kh7 27. Qg4 Qf5
28. Ng6 Rxg6 29. hxg6+ Qxg6 30. Rh8+ Kxh8 31. Qxg6 b5 32. Qg4 Nc2 33. Qe2 Nxb4
34. Qxe6 d4 35. Qe5 Nc2 36. Qe8+ Kh7 37. Qe4+ Kg8 38. Qxc2 Kf7 39. Qd3 Ke6 40.
Qxd4 g5 41. Qb6+ Kd5 42. Qxb5+ Kd4 43. Qb6+ Kd3 44. Qxh6 g4 45. Qc1 Ke4 46. Qc4+
Ke3 47. b4 Kd2 48. b5 Ke3 49. b6 Kd2 50. b7 Ke3 51. b8=Q Kd2 52. Qbf4+ Kd1 53.
Qfd4+ Ke1 54. Qf2+ Kd1 55. Qcc2# 1-0

[Event "Titled Tue 26th Aug Early"]
[Site "chess.com INT"]
[Date "2025.08.26"]
[Round "1"]
[White "Deveci, Huseyin Said"]
[Black "Mesquita, Eduardo Barbosa"]
[Result "1-0"]
[WhiteTitle "CM"]
[WhiteElo "2056"]
[BlackElo "2060"]
[WhiteFideId "26322455"]
[BlackFideId "22757163"]
[EventDate "2025.08.26"]

1. e4 c5 2. Nf3 d6 3. d4 cxd4 4. Nxd4 Nf6 5. Nc3 a6 6. Be2 e6 7. O-O Nbd7 8. f4
Qc7 9. Kh1 Be7 10. Be3 b5 11. Bf3 Bb7 12. a3 Rc8 13. Qe2 O-O 14. Rad1 Rfe8 15.
g4 Nc5 16. Qg2 Bf8 17. g5 Nfd7 18. h4 Nb6 19. h5 Nc4 20. Bc1 e5 21. Nf5 exf4 22.
g6 fxg6 23. hxg6 h6 24. Bxf4 Ne5 25. Bxe5 Rxe5 26. Rd4 d5 27. Bg4 dxe4 28. Ne3
Rce8 29. Rf7 Qc6 30. Qf2 Rg5 31. Bf5 Rxg6 32. Bxg6 Qxg6 33. Rf4 Ne6 34. Rg4 Qh7
35. Rd7 Bc6 36. Qf7+ Kh8 37. Qxe8 Bxd7 38. Qxd7 Qg8 39. Ncd5 Ng5 40. Rxg5 hxg5
41. Qf5 Qh7+ 42. Qxh7+ Kxh7 43. Kg2 Kg6 44. Kg3 Bd6+ 45. Kg4 a5 46. Nc3 Be5 47.
Ned1 b4 48. axb4 axb4 49. Nxe4 Bf4 50. b3 Bc1 51. Ndf2 Be3 52. Nd3 1-0

[Event "Titled Tue 26th Aug Early"]
[Site "chess.com INT"]
[Date "2025.08.26"]
[Round "1"]
[White "Myagmarsuren, Evsuld"]
[Black "Alonso Rosell, Alvar"]
[Result "0-1"]
[WhiteTitle "FM"]
[BlackTitle "GM"]
[WhiteElo "2247"]
[BlackElo "2536"]
[WhiteFideId "1551639"]
[BlackFideId "2270544"]
[EventDate "2025.08.26"]

1. e4 c6 2. c4 d5 3. cxd5 cxd5 4. exd5 Nf6 5. Nc3 g6 6. Bc4 Bg7 7. d3 O-O 8. Nf3
a6 9. a4 Nbd7 10. O-O h6 11. Re1 Nb6 12. Qb3 Nxc4 13. dxc4 e6 14. Be3 exd5 15.
cxd5 Bg4 16. Bb6 Qd6 17. Ne5 Rfe8 18. Nc4 Qf4 19. Be3 Qc7 20. h3 Bf5 21. Rad1
Rac8 22. d6 Qxc4 23. Qxb7 Rb8 24. Qc7 Rec8 25. Qxc4 Rxc4 26. Bd4 Rd8 27. Bxf6
Bxf6 28. Nd5 Rxd6 29. b4 Kg7 30. Nxf6 Rxf6 31. b5 a5 32. g4 Be6 33. b6 Rb4 34.
Rb1 Bb3 35. Re3 Rfxb6 36. f4 Bxa4 37. Rbe1 Rb1 38. f5 Rxe1+ 39. Rxe1 gxf5 40.
gxf5 Bb3 41. Kf2 a4 42. Kg3 a3 43. Kf4 a2 44. Ke5 Bc2 45. f6+ Rxf6 46. Rg1+ Rg6
47. Ra1 Bb1 48. h4 Rg4 49. h5 Rg5+ 50. Kf4 Rxh5 51. Kg3 Rg5+ 52. Kh2 Kf6 53. Kh3
Ke5 54. Kh4 Kf4 55. Kh3 Kf3 56. Kh4 f6 57. Rxa2 Bxa2 58. Kh3 Rh5# 0-1

[Event "Titled Tue 26th Aug Early"]
[Site "chess.com INT"]
[Date "2025.08.26"]
[Round "1"]
[White "Rossi, Maximiliano"]
[Black "Bogdanov, Artyom"]
[Result "0-1"]
[BlackTitle "FM"]
[WhiteElo "2013"]
[BlackElo "2383"]
[WhiteFideId "113425"]
[BlackFideId "13749200"]
[EventDate "2025.08.26"]

1. e4 c6 2. d3 d5 3. Nf3 g6 4. Be2 Bg7 5. O-O e5 6. Re1 Ne7 7. b3 O-O 8. Bb2 Qd6
9. Nbd2 Be6 10. a4 h6 11. Bf1 Nd7 12. Ba3 c5 13. exd5 Nxd5 14. Nc4 Qc7 15. Bb2
f6 16. Nfd2 b6 17. g3 a6 18. Bg2 b5 19. axb5 axb5 20. Ne3 N7b6 21. c4 Rxa1 22.
Qxa1 Nxe3 23. fxe3 Rd8 24. cxb5 Rxd3 25. Ne4 Rxb3 26. Rc1 Rxb5 27. Nc3 Rb3 28.
Ne4 c4 29. Ba3 Qa7 30. Bc5 Qxa1 31. Rxa1 Nd7 32. Ra8+ Rb8 33. Rxb8+ Nxb8 34. Be7
Nd7 35. Nc5 Nxc5 36. Bxc5 Kf7 37. Be4 f5 38. Bc2 Bf8 39. Bb6 Bd5 40. Kf2 Bd6 41.
e4 fxe4 42. Ke3 Ke6 43. Bxe4 Be7 44. Ba5 Bg5+ 45. Kf3 h5 46. Be1 Bc1 47. h4 Bb2
48. Bxd5+ Kxd5 49. Ke2 e4 50. Bf2 Bd4 51. Be1 c3 52. Bxc3 Bxc3 0-1

[Event "Titled Tue 26th Aug Early"]
[Site "chess.com INT"]
[Date "2025.08.26"]
[Round "1"]
[White "Pavlidou, Ekaterini"]
[Black "Ruperez Benito, Antonio"]
[Result "0-1"]
[WhiteTitle "WIM"]
[BlackTitle "FM"]
[WhiteElo "2217"]
[BlackElo "2328"]
[WhiteFideId "4213262"]
[BlackFideId "22245049"]
[EventDate "2025.08.26"]

1. d4 Nf6 2. c4 e6 3. Nc3 d5 4. Nf3 Be7 5. e3 O-O 6. Bd3 dxc4 7. Bxc4 a6 8. a4
b6 9. O-O Bb7 10. Ba2 c5 11. e4 Nxe4 12. Nxe4 Bxe4 13. Re1 Bb7 14. Be3 Nd7 15.
d5 exd5 16. Bxd5 Bxd5 17. Qxd5 Nf6 18. Qb3 Qc7 19. Rac1 Ng4 20. Bd2 Rac8 21. h3
c4 22. Qc2 Nf6 23. b3 b5 24. axb5 axb5 25. Qf5 Ba3 26. Rc2 Qd7 27. Qxd7 Nxd7 28.
bxc4 bxc4 29. Bc3 Rfd8 30. Ra1 Bc5 31. Ra4 Nb6 32. Ra6 Nd5 33. Ba5 Re8 34. g3
Nb4 35. Bxb4 Bxb4 36. Kg2 c3 37. Nd4 Rc4 38. Nf3 g6 39. Ra4 Ree4 40. Ng5 Red4
41. Nf3 Rd5 42. Ra8+ Kg7 43. Ra4 Rdc5 44. h4 Ba5 45. Raa2 Bd8 46. Ne1 Bf6 47.
Nd3 Rc8 48. Nf4 Rd8 49. Ne2 Rd3 50. Ra3 Rd2 51. Rxd2 cxd2 52. Rd3 Rc2 53. Ng1
Bc3 54. Nf3 Bb4 55. Kf1 Rc1+ 56. Kg2 d1=Q 57. Rxd1 Rxd1 0-1

[Event "Titled Tue 26th Aug Early"]
[Site "chess.com INT"]
[Date "2025.08.26"]
[Round "1"]
[White "Rogov, Matfey"]
[Black "Karunasena, A P Chenitha Sihas Dinsara"]
[Result "1-0"]
[WhiteTitle "FM"]
[BlackTitle "CM"]
[WhiteElo "2348"]
[BlackElo "2026"]
[WhiteFideId "44191308"]
[BlackFideId "29982596"]
[EventDate "2025.08.26"]

1. Nf3 d5 2. g3 Nf6 3. Bg2 e6 4. O-O Be7 5. d4 O-O 6. c4 c5 7. cxd5 exd5 8. Nc3
Be6 9. Bg5 Nc6 10. e3 h6 11. Bxf6 Bxf6 12. dxc5 Bxc3 13. bxc3 Qa5 14. Nd4 Qxc5
15. Qb3 Rab8 16. Nxe6 fxe6 17. e4 dxe4 18. Qxe6+ Kh8 19. Bxe4 Rf6 20. Qb3 Rbf8
21. Qc2 Ne5 22. Rad1 Ng4 23. Rd4 Nxf2 24. Bg2 Qe5 25. Rf4 Ng4 26. Rxf6 Rxf6 27.
Rxf6 gxf6 28. h3 Qe1+ 29. Bf1 Qxf1+ 30. Kxf1 Ne3+ 31. Ke2 Nxc2 32. Kd3 Na3 33.
c4 Kg7 34. Kc3 Kf7 35. Kb3 Nb1 36. Kc2 Na3+ 37. Kb3 Nxc4 38. Kxc4 Ke6 39. Kd4
Kf5 40. Kd5 h5 41. a4 Kg5 42. Ke6 h4 43. g4 a5 44. Kd5 1-0

[Event "Titled Tue 26th Aug Early"]
[Site "chess.com INT"]
[Date "2025.08.26"]
[Round "1"]
[White "Harriott, Tyrell"]
[Black "Liu, Casper"]
[Result "0-1"]
[BlackTitle "FM"]
[WhiteElo "1933"]
[BlackElo "2361"]
[WhiteFideId "2086484"]
[BlackFideId "1454153"]
[EventDate "2025.08.26"]

1. d4 Nf6 2. e3 d5 3. Bd3 Bg4 4. Ne2 Nc6 5. O-O e5 6. c3 Bd6 7. f3 Bh5 8. Ng3
Bg6 9. Nf5 O-O 10. Nd2 Re8 11. Qb3 e4 12. fxe4 dxe4 13. Be2 a6 14. a4 Nd5 15.
Nc4 Bf8 16. a5 Qd7 17. Ng3 Rab8 18. Bd2 f5 19. Bd1 Kh8 20. Ne2 Bh5 21. Nf4 Bxd1
22. Qxd1 Nxf4 23. Rxf4 Ne7 24. Ne5 Qe6 25. Rh4 Kg8 26. Qh5 h6 27. Rh3 Nd5 28.
Rg3 Kh7 29. Rg6 Nf6 30. Qh3 Bd6 31. Rg3 Ng4 32. Rf1 Bxe5 33. dxe5 Rbd8 34. Be1
Qxe5 35. c4 Rd3 36. Bc3 Qc5 37. Qh5 g6 38. Rxg4 Qxe3+ 39. Kh1 gxh5 40. Rg7+ Kh8
41. Rg3+ Rxc3 42. bxc3 Qc5 43. h3 e3 44. Rgf3 e2 45. Re1 Qxc4 46. Rf2 Qxc3 47.
Rexe2 Rxe2 48. Rxe2 Qxa5 49. Re7 Qa1+ 50. Kh2 Qf6 51. Re2 Qd6+ 52. Kg1 a5 53.
Kf2 a4 54. Re8+ Kg7 55. Ra8 a3 56. Kf3 a2 57. Ke2 Qe5+ 58. Kd3 a1=Q 59. Rxa1
Qxa1 60. Ke2 Qd4 61. Kf3 Qe4+ 62. Kf2 Kf6 63. Kg1 Qe3+ 64. Kf1 Ke5 65. g4 Kf4
66. gxh5 Kg3 67. h4 Qd2 0-1

[Event "Titled Tue 26th Aug Early"]
[Site "chess.com INT"]
[Date "2025.08.26"]
[Round "1"]
[White "Sava, Robert-Gabriel"]
[Black "Amburgy, Ryan"]
[Result "0-1"]
[WhiteTitle "CM"]
[BlackTitle "FM"]
[WhiteElo "2121"]
[BlackElo "2363"]
[WhiteFideId "1265725"]
[BlackFideId "30924820"]
[EventDate "2025.08.26"]

1. d4 Nf6 2. c4 e6 3. Nf3 b6 4. g3 Ba6 5. Nbd2 d5 6. Bg2 Be7 7. O-O O-O 8. Qc2
Bb7 9. Ne5 c5 10. cxd5 Nxd5 11. dxc5 Bxc5 12. Nb3 Be7 13. Rd1 Qc8 14. Qxc8 Rxc8
15. Nd3 Na6 16. Nf4 Nac7 17. Nxd5 Nxd5 18. e4 Nf6 19. Bg5 h6 20. Bxf6 Bxf6 21.
e5 Bxg2 22. exf6 Bd5 23. fxg7 Rc2 24. Rab1 Rac8 25. Nd4 Bxa2 26. Nxc2 Bxb1 27.
Rxb1 Rxc2 28. b4 a5 29. bxa5 bxa5 30. Rb8+ Kxg7 31. Ra8 Ra2 32. Kg2 e5 33. g4 h5
34. h3 hxg4 35. hxg4 Ra1 36. Kf3 a4 37. Ke4 Kf6 38. Kf3 a3 39. Ra6+ Kg5 40. Ra5
f6 41. Ra4 a2 42. Ra5 Kg6 43. Ra4 e4+ 44. Kg2 Kg5 45. Kh2 Kxg4 46. Rxe4+ Kf3 47.
Ra4 Kxf2 48. Rf4+ Ke3 49. Ra4 f5 50. Kg2 f4 51. Ra3+ Ke2 52. Ra8 f3+ 53. Kh2 f2
54. Re8+ Kf1 55. Ra8 Ke2 56. Re8+ Kd3 57. Rd8+ Kc4 58. Rc8+ Kd5 59. Rb8 Rh1+ 0-1

[Event "Titled Tue 26th Aug Early"]
[Site "chess.com INT"]
[Date "2025.08.26"]
[Round "1"]
[White "Arya G Mallar"]
[Black "Ozcan, Kaan"]
[Result "0-1"]
[WhiteTitle "WCM"]
[BlackTitle "FM"]
[WhiteElo "2112"]
[BlackElo "2223"]
[WhiteFideId "25115324"]
[BlackFideId "34566422"]
[EventDate "2025.08.26"]

1. d4 Nf6 2. c4 e6 3. Nf3 Bb4+ 4. Nbd2 O-O 5. g3 Nc6 6. a3 Be7 7. Bg2 d6 8. e4
e5 9. d5 Nb8 10. O-O a5 11. b3 Nbd7 12. Rb1 Nb6 13. Qc2 c6 14. c5 dxc5 15. dxc6
Qc7 16. cxb7 Bxb7 17. Bb2 Bd6 18. Rbc1 Rfc8 19. Rfd1 a4 20. Nf1 Bxe4 21. Qc3
axb3 22. Qxb3 c4 23. Qc3 Na4 24. Qd2 Nxb2 25. Qxb2 Bxa3 26. Qxe5 Qxe5 27. Nxe5
Bxg2 28. Rxc4 Bxf1 29. Kxf1 Rxc4 30. Nxc4 Bc5 31. Ne5 g6 32. Nd3 Bf8 33. h3 Ra2
34. Rb1 Rd2 35. Rb3 Kg7 36. Rc3 Ne4 37. Rb3 Nc5 38. Nxc5 Bxc5 39. f4 h5 40. Ke1
Rg2 41. Kf1 Rf2+ 42. Ke1 Ra2 43. Kf1 Kf6 44. Ke1 Ke6 45. Kf1 Kd5 46. Rb7 Ke4 47.
Rb3 Be3 48. Rb1 Kf3 49. g4 Rh2 50. Ke1 Rh1# 0-1